000
00250nam a22001217a 4500
008
181012b xxu||||| |||| 00| 0 eng d
041
_a
eng
080
_a
617
100
_a
8
101
_a
OFT
245
_a
Optics
_c
Fincham,W.H.A
942
_2
udc
_c
BK
999
_c
49488
_d
49488